| 000 | 00807nam a2200253 i 4500 | ||
|---|---|---|---|
| 001 | 13653 | ||
| 003 | ES-MaACL | ||
| 005 | 20240603180911.0 | ||
| 007 | t| | ||
| 008 | 921124s1991 sp ||||0| spa d | ||
| 016 | 7 | _zCEN920140932 | |
| 020 | _a84-451-0419-5 | ||
| 040 |
_aCEN _bspa _cCEN |
||
| 080 | _a396.9(460)"19" | ||
| 100 | 1 |
_aGarcía de León, María Antonia _954461 |
|
| 245 | 1 | 4 |
_aLas mujeres políticas españolas _b: (un ensayo sociológico) / _cMaría Antonia García de León. |
| 260 |
_aMadrid : _bDirección General de la Mujer, _cD.L. 1991. |
||
| 300 |
_a64 p. ; _c24 cm. |
||
| 490 | 1 |
_aDocumentos ; _v4 |
|
| 650 | 4 |
_aMujeres en la política- _zEspaña _915336 |
|
| 830 | 0 |
_aDocumentos ; _v4 _9177791 |
|
| 852 |
_aES-MaACL _jL-21037 _bR.120637 |
||
| 999 |
_c13653 _d13653 |
||